Jurisprudencia constitucional espaǫla sobre derechos sociales

Bibliographic Details
Main Author: Martn̕ez Estay, Jos ̌Ignacio
Format: Unknown
Language:Spanish
Published: Barcelona : CEDECS, 1997
Subjects:
Online Access:Acceso restringido

MARC

LEADER 00000ny a22000003n 4500
005 20110620125336.0
008 980529s1997 sp s 000 spa c
017 |a B5163-1997 
020 |a 848917167X 
035 |a 2361 
040 |a UMA.DER  |d vlex 
040 |a UMA.RE  |d vlex 
080 |a 340.142:342.72/.73(460) 
080 |a 342.72/.73:340.142(460) 
090 |c 1378  |d 1378 
100 1 |a Martn̕ez Estay, Jos ̌Ignacio 
245 1 0 |a Jurisprudencia constitucional espaǫla sobre derechos sociales  |h [Recurso electrn̤ico]  |c Jos ̌Ignacio Mar[t]n̕ez Estay 
256 |a Servicio en ln̕ea 
260 |a Barcelona :  |b CEDECS,  |c 1997 
300 |a 376 p 
504 |a Bibliografa̕:p.339-355 
506 1 |a Contenido solo disponible en los productos indicados  |d vLex Global  |d vLex Global (Academic Edition, excluding Law Schools)  |d vLex Global (U.S. Academic Edition, Law Schools)  |d vLex Global (U.S. Academic Edition, excluding Law Schools)  |d vLex Global (Academic Edition, Law Schools) 
650 0 7 |2 Tesauro vLex  |a Testamento 
650 0 7 |2 Tesauro vLex  |a Legitima 
650 0 7 |2 Tesauro vLex  |a Mejora hereditaria 
650 0 7 |2 Tesauro vLex  |a Derecho sucesorio 
740 0 |a vLex Libros (Servicios en ln̕ea) 
856 4 0 |z Acceso restringido  |u http://vlex.com/source/2361 
942 |c BOOK